| 000 | 00816nam a2200241 i 4500 | ||
|---|---|---|---|
| 001 | 192120 | ||
| 003 | ES-MaACL | ||
| 005 | 20250912063058.0 | ||
| 008 | 221104s1973 mx | |||| 000 f spa | ||
| 040 | _cES-MaACL | ||
| 080 | _a821.134.2(72)-31"19" | ||
| 100 | 1 |
_aCampos, Julieta, _d1932-2007 _9234944 _eaut |
|
| 245 | 1 | 0 |
_aMuerte por agua / _cJulieta Campos. |
| 250 |
_aPrimera edición, 1965; _bPrimera reimpresión, 1973 |
||
| 260 |
_aMéxico : _bFondo de Cultura Económica, _c1973 |
||
| 300 |
_a142 páginas ; _c17 cm. |
||
| 490 | 1 |
_aColección popular (Fondo de Cultura Económica) ; _v74 |
|
| 655 | 0 |
_aNovelas _9234319 |
|
| 852 | 4 |
_aES-MaACL _jN-8108 _bR. 153162 _cDEPOJ _hDonación: Editorial _9199402 |
|
| 942 |
_cMONOGRAFIA _n0 |
||
| 999 |
_c192120 _d192120 |
||